[Event "16. Obert Int. Sant Martí 2014 Grupo B"]
[Site "Barcelona ESP"]
[Date "2014.07.19"]
[Round "7.44"]
[White "Collell Rodriguez, Victor"]
[Black "Cassi De La Viuda, Àlex"]
[Result "1-0"]
[WhiteElo "1911"]
[BlackElo "1700"]
[PlyCount "81"]
[EventDate "2014.07.13"]
[EventType "swiss"]
[EventRounds "9"]
[EventCountry "ESP"]
[Source "lmi"]
[SourceDate "2014.07.13"]

1. e4 c5 2. Nf3 a6 3. c4 d6 4. d4 cxd4 5. Nxd4 e5 6. Nf5 Nf6 7. Bd3 Bxf5 8.
exf5 d5 9. cxd5 Qxd5 10. O-O Be7 11. Nc3 Qc6 12. Re1 Nbd7 13. Ne4 O-O 14. Nxf6+
Bxf6 15. Be4 Qc7 16. Be3 Rab8 17. Rc1 Qa5 18. Qxd7 Qb4 19. Bc5 Qxb2 20. Bxf8
Rxf8 21. Qxb7 Qxa2 22. Ra1 Qd2 23. Red1 Qe2 24. Re1 Qd2 25. Qxa6 Be7 26. Qd3
Qf4 27. Qe3 Qh4 28. Ra8 Rxa8 29. Bxa8 Bf6 30. Rc1 h6 31. Rc8+ Kh7 32. Be4 Qg4
33. Qf3 Qg5 34. Qe3 Qg4 35. f3 Qh5 36. Qc5 Qh4 37. g3 Qg5 38. Qc3 g6 39. fxg6+
fxg6 40. Kf2 h5 41. Qe3 1-0

[Event "16. Obert Int. Sant Martí 2014 Grupo B"]
[Site "Barcelona ESP"]
[Date "2014.07.19"]
[Round "7.45"]
[White "Muratet Carmona, Alexandra"]
[Black "Sanz Ogaya, Mario"]
[Result "0-1"]
[WhiteElo "1901"]
[BlackElo "1700"]
[PlyCount "102"]
[EventDate "2014.07.13"]
[EventType "swiss"]
[EventRounds "9"]
[EventCountry "ESP"]
[Source "lmi"]
[SourceDate "2014.07.13"]

1. e4 c5 2. Nf3 Nc6 3. d4 cxd4 4. Nxd4 Nf6 5. Nc3 g6 6. Be2 Bg7 7. Be3 O-O 8.
O-O d5 9. Nxc6 bxc6 10. e5 Nd7 11. f4 f6 12. e6 Nb6 13. f5 gxf5 14. Rxf5 Bxe6
15. Rh5 Qe8 16. Rh4 Bf5 17. Bg4 Bxg4 18. Rxg4 e5 19. Qf3 f5 20. Rg5 d4 21. Bd2
dxc3 22. Bxc3 Nd5 23. Qg3 Rf7 24. Bxe5 Qd7 25. Rd1 Qb7 26. c4 Nf6 27. Bxf6 Rxf6
28. Qd3 Re8 29. Qd7 Re7 30. Qxb7 Rxb7 31. Rg3 Re6 32. b3 c5 33. Rd5 Kf7 34.
Rxf5+ Rf6 35. Rxc5 Rd7 36. Rd5 Re7 37. Rd1 Rf5 38. Rgd3 Rc5 39. Rd7 Rc7 40.
Rf1+ Ke6 41. Rxe7+ Kxe7 42. Rd1 Ke6 43. Kf1 a5 44. Rd3 Ke5 45. Rd5+ Ke4 46.
Rxa5 Rf7+ 47. Ke2 Bd4 48. Rh5 Rf2+ 49. Ke1 Rxa2 50. Rh4+ Kd3 51. Rh3+ Be3 0-1

[Event "16. Obert Int. Sant Martí 2014 Grupo B"]
[Site "Barcelona ESP"]
[Date "2014.07.19"]
[Round "7.46"]
[White "Serra Vilaro, Agusti"]
[Black "Martinez Torras, Pol"]
[Result "0-1"]
[WhiteElo "2013"]
[BlackElo "1849"]
[PlyCount "66"]
[EventDate "2014.07.13"]
[EventType "swiss"]
[EventRounds "9"]
[EventCountry "ESP"]
[Source "lmi"]
[SourceDate "2014.07.13"]

1. d4 Nf6 2. c3 d5 3. e3 Bf5 4. Qb3 b6 5. Nf3 e6 6. Ne5 a6 7. Qa4+ Nfd7 8. g4
Bxb1 9. Rxb1 Bd6 10. Bd3 Bxe5 11. dxe5 Qg5 12. O-O b5 13. Qd1 Nxe5 14. Be2 Qg6
15. Kh1 Qxb1 16. f4 Qe4+ 17. Kg1 Ned7 18. Bd3 Qa4 19. b3 Qa5 20. Bd2 Qb6 21.
Qf3 Nc5 22. Bb1 Qd6 23. Rd1 c6 24. c4 Nbd7 25. Bc3 f6 26. e4 Nb6 27. cxd5 cxd5
28. e5 Qe7 29. f5 Nbd7 30. exf6 Nxf6 31. fxe6 O-O 32. g5 Nfe4 33. Qh3 Qxg5+ 0-1

[Event "16. Obert Int. Sant Martí 2014 Grupo B"]
[Site "Barcelona ESP"]
[Date "2014.07.19"]
[Round "7.47"]
[White "Tortosa Moros, Joan"]
[Black "Ferre Navarro, Joan"]
[Result "0-1"]
[WhiteElo "1941"]
[BlackElo "1846"]
[PlyCount "70"]
[EventDate "2014.07.13"]
[EventType "swiss"]
[EventRounds "9"]
[EventCountry "ESP"]
[Source "lmi"]
[SourceDate "2014.07.13"]

1. e4 e5 2. Nf3 Nc6 3. Bb5 a6 4. Ba4 Nf6 5. d3 d6 6. c3 b5 7. Bc2 Bb7 8. O-O
Be7 9. Re1 Na7 10. d4 exd4 11. cxd4 O-O 12. Nbd2 Re8 13. Nf1 c5 14. d5 Nd7 15.
Ng3 Bf6 16. Nf5 Nc8 17. Rb1 Ne5 18. Nxe5 Bxe5 19. f4 Bf6 20. b3 g6 21. Nh6+ Kg7
22. Ng4 Bd4+ 23. Be3 Bxe3+ 24. Nxe3 Qh4 25. f5 Nb6 26. fxg6 hxg6 27. Qc1 Nd7
28. Qb2+ Ne5 29. Rf1 Rh8 30. h3 Bc8 31. Rf3 f6 32. Rff1 Bxh3 33. gxh3 Qg3+ 34.
Ng2 Rxh3 35. Bd1 Rah8 0-1

[Event "16. Obert Int. Sant Martí 2014 Grupo B"]
[Site "Barcelona ESP"]
[Date "2014.07.19"]
[Round "7.48"]
[White "Subirana Santos, Marc"]
[Black "Rius Riu, Gerard"]
[Result "1/2-1/2"]
[WhiteElo "1912"]
[BlackElo "1846"]
[PlyCount "76"]
[EventDate "2014.07.13"]
[EventType "swiss"]
[EventRounds "9"]
[EventCountry "ESP"]
[Source "lmi"]
[SourceDate "2014.07.13"]

1. Nf3 d5 2. d4 Nf6 3. Bf4 c5 4. c3 Nc6 5. h3 e6 6. e3 Bd6 7. Ne5 Qc7 8. Nd3
Bxf4 9. Nxf4 e5 10. dxe5 Qxe5 11. Nd2 Be6 12. Be2 O-O 13. O-O Rfd8 14. Nxe6
Qxe6 15. Nf3 d4 16. cxd4 cxd4 17. exd4 Nxd4 18. Nxd4 Qb6 19. Qb3 Qxd4 20. Rad1
Qf4 21. Rxd8+ Rxd8 22. Bf3 b6 23. Re1 Rc8 24. Qd3 h6 25. g3 Qc7 26. Qa3 Rd8 27.
Qb3 Rd6 28. Re2 Qd7 29. Qc3 Kf8 30. Kg2 Kg8 31. Rc2 Qe7 32. Qc8+ Rd8 33. Qf5
Qd7 34. Qxd7 Rxd7 35. g4 Kf8 36. Re2 Re7 37. Rd2 Rd7 38. Rc2 Ke7 1/2-1/2

[Event "16. Obert Int. Sant Martí 2014 Grupo B"]
[Site "Barcelona ESP"]
[Date "2014.07.19"]
[Round "7.49"]
[White "Domenche Redondo, Francesc"]
[Black "Molina Mañas, Miquel"]
[Result "1-0"]
[WhiteElo "1906"]
[BlackElo "1832"]
[PlyCount "121"]
[EventDate "2014.07.13"]
[EventType "swiss"]
[EventRounds "9"]
[EventCountry "ESP"]
[Source "lmi"]
[SourceDate "2014.07.13"]

1. d4 Nf6 2. Nf3 c6 3. c4 d5 4. e3 e6 5. Nc3 Bd6 6. Bd3 Nbd7 7. cxd5 cxd5 8.
O-O O-O 9. b3 a6 10. Bb2 b5 11. Qe2 Bb7 12. Rfc1 Rc8 13. a3 Qe7 14. b4 Bb8 15.
Nd2 Qd6 16. f4 Rfe8 17. g4 Nb6 18. g5 Nfd7 19. Qh5 g6 20. Qh4 Nc4 21. Nxc4 dxc4
22. Be4 Bxe4 23. Nxe4 Qf8 24. Nc5 Nxc5 25. dxc5 Red8 26. Rd1 Rxd1+ 27. Rxd1 Rd8
28. Qe1 Bc7 29. Kf1 h6 30. Qc3 Kh7 31. Rxd8 Bxd8 32. h4 Bc7 33. Qd4 h5 34. Qd7
Bd8 35. Be5 Qe7 36. Qxe7 Bxe7 37. c6 Bd8 38. c7 Bxc7 39. Bxc7 Kg8 40. Be5 Kf8
41. Ke2 Ke8 42. e4 Kd7 43. Ke3 Kc6 44. Bc3 Kd6 45. Kd4 Kd7 46. Kc5 Kc7 47. Be5+
Kb7 48. Bc3 a5 49. Kd6 a4 50. Ke7 Kc7 51. Be5+ Kc6 52. Kxf7 Kd7 53. Kxg6 Ke7
54. Kxh5 Kf7 55. g6+ Kg8 56. Kg5 Kf8 57. h5 c3 58. Bxc3 e5 59. h6 Kg8 60. h7+
Kg7 61. Bxe5+ 1-0

[Event "16. Obert Int. Sant Martí 2014 Grupo B"]
[Site "Barcelona ESP"]
[Date "2014.07.19"]
[Round "7.51"]
[White "Martin Palau, Roger"]
[Black "Gomez Guinovart, Josep Manel"]
[Result "0-1"]
[WhiteElo "1750"]
[BlackElo "1873"]
[PlyCount "126"]
[EventDate "2014.07.13"]
[EventType "swiss"]
[EventRounds "9"]
[EventCountry "ESP"]
[Source "lmi"]
[SourceDate "2014.07.13"]

1. e4 e6 2. d4 d5 3. e5 c5 4. c3 Qb6 5. Nf3 Nc6 6. Na3 cxd4 7. Nb5 dxc3 8. Be3
Qa5 9. bxc3 a6 10. Nd6+ Bxd6 11. exd6 Qxc3+ 12. Bd2 Qa3 13. Bf4 Nf6 14. Bd3
Qc3+ 15. Ke2 Qb2+ 16. Nd2 Bd7 17. Re1 Qd4 18. Bg3 Nh5 19. Nf3 Nxg3+ 20. hxg3
Qb2+ 21. Kf1 Qa3 22. Rb1 b5 23. Nh4 Qxd6 24. Nf5 Qf8 25. Qf3 g6 26. Qxd5 gxf5
27. Bxf5 Kd8 28. Bxe6 fxe6 29. Rxe6 Kc7 30. Rc1 Rd8 31. Rexc6+ Bxc6 32. Qxc6+
Kb8 33. Qb6+ Ka8 34. Qxa6+ Kb8 35. Qxb5+ Ka8 36. Qa6+ Kb8 37. Qb6+ Ka8 38. a4
Qd6 39. Qa5+ Kb8 40. Qb5+ Ka7 41. Qa5+ Qa6+ 42. Qxa6+ Kxa6 43. Rc4 Rhe8 44. Kg1
Re1+ 45. Kh2 Rdd1 46. g4 Re2 47. Rf4 Rd6 48. Kg3 Ka5 49. Rf7 h6 50. Rf4 Ra2 51.
Re4 Rxa4 52. Rxa4+ Kxa4 53. f4 Kb5 54. f5 Kc6 55. Kf4 Rd4+ 56. Kg3 Kd7 57. Kh4
Ke7 58. Kh5 Rd6 59. g5 hxg5 60. Kxg5 Kf7 61. Kf4 Kf6 62. g4 Rd4+ 63. Kg3 Kg5
0-1

[Event "16. Obert Int. Sant Martí 2014 Grupo B"]
[Site "Barcelona ESP"]
[Date "2014.07.19"]
[Round "7.52"]
[White "Bernat Pascual, Magí"]
[Black "Julian Solera, Laura"]
[Result "1-0"]
[WhiteElo "1869"]
[BlackElo "1781"]
[PlyCount "105"]
[EventDate "2014.07.13"]
[EventType "swiss"]
[EventRounds "9"]
[EventCountry "ESP"]
[Source "lmi"]
[SourceDate "2014.07.13"]

1. d4 d5 2. c4 e6 3. Nc3 c5 4. cxd5 exd5 5. e3 cxd4 6. exd4 Nc6 7. Bf4 Bb4 8.
Bb5 Bd7 9. Nf3 Nf6 10. O-O O-O 11. Re1 Re8 12. Qc2 Qb6 13. Bxc6 Bxc6 14. Rad1
Rac8 15. a3 Bf8 16. Be5 Ne4 17. Rc1 Bd7 18. Re3 Qg6 19. Qd1 Nxc3 20. Rexc3 Be7
21. Kf1 Bb5+ 22. Kg1 Bd7 23. Qc2 Bf5 24. Nh4 Bxc2 25. Nxg6 fxg6 26. R3xc2 Rxc2
27. Rxc2 Bd6 28. f4 Bxe5 29. fxe5 Re7 30. Kf2 Kf7 31. Ke2 Ke6 32. h3 Rd7 33. b3
Re7 34. Ke3 Rd7 35. a4 Re7 36. b4 Rd7 37. a5 Re7 38. b5 Rd7 39. b6 a6 40. Kd3
Re7 41. Rc7 Rxc7 42. bxc7 Kd7 43. Kc3 Kxc7 44. Kb4 h6 45. Kc5 Kd7 46. Kxd5 h5
47. g4 hxg4 48. hxg4 g5 49. Kc5 g6 50. d5 Ke7 51. Kb6 Kd8 52. Kxb7 Kd7 53. Kxa6
1-0

[Event "16. Obert Int. Sant Martí 2014 Grupo B"]
[Site "Barcelona ESP"]
[Date "2014.07.19"]
[Round "7.53"]
[White "Garcia Extremera, Manuel"]
[Black "Maltsev, Andrey"]
[Result "0-1"]
[WhiteElo "1759"]
[BlackElo "1867"]
[PlyCount "58"]
[EventDate "2014.07.13"]
[EventType "swiss"]
[EventRounds "9"]
[EventCountry "ESP"]
[Source "lmi"]
[SourceDate "2014.07.13"]

1. d4 Nf6 2. c4 g6 3. Nc3 d5 4. Nf3 Bg7 5. b3 c5 6. e3 Bg4 7. Bb2 cxd4 8. exd4
Nc6 9. cxd5 Nxd5 10. Bb5 O-O 11. Nxd5 Qxd5 12. Bc4 Qd6 13. O-O Bxf3 14. Qxf3
Bxd4 15. Rad1 e5 16. Bc1 Rad8 17. Bh6 e4 18. Qxe4 Rfe8 19. Qh4 Qc5 20. Rc1 Qb6
21. Bg5 Rd7 22. Bf6 Ne5 23. Bxe5 Rxe5 24. Qg3 Rde7 25. Rcd1 Rh5 26. Qb8+ Kg7
27. Rd2 Be5 28. Qd8 Bxh2+ 29. Kh1 Bc7+ 0-1

[Event "16. Obert Int. Sant Martí 2014 Grupo B"]
[Site "Barcelona ESP"]
[Date "2014.07.19"]
[Round "7.54"]
[White "Fungueiriño Pique, Daniel"]
[Black "Zia, Tahsin Tajwar"]
[Result "0-1"]
[WhiteElo "1864"]
[BlackElo "1258"]
[PlyCount "70"]
[EventDate "2014.07.13"]
[EventType "swiss"]
[EventRounds "9"]
[EventCountry "ESP"]
[Source "lmi"]
[SourceDate "2014.07.13"]

1. d4 d5 2. Nf3 Nf6 3. Bf4 e6 4. e3 c5 5. c3 Nc6 6. Bd3 Be7 7. Nbd2 c4 8. Bc2
b5 9. O-O a5 10. Ne5 Nxe5 11. Bxe5 O-O 12. Re1 Nd7 13. Nf3 Bf6 14. e4 Bxe5 15.
dxe5 Bb7 16. exd5 Bxd5 17. Be4 Bxe4 18. Rxe4 Nc5 19. Rd4 Qc7 20. Qe2 Nd3 21. h3
Rad8 22. Qe4 Nxb2 23. Rxd8 Qxd8 24. Nd4 Qb6 25. Rb1 Na4 26. Nxb5 Qc5 27. Qd4
Qxd4 28. cxd4 Rb8 29. Rc1 Rxb5 30. Rxc4 Nb6 31. Rc6 Kf8 32. Kf1 Ke8 33. Rc7 Nd5
34. Ra7 Rb1+ 35. Ke2 Rb2+ 0-1

[Event "16. Obert Int. Sant Martí 2014 Grupo B"]
[Site "Barcelona ESP"]
[Date "2014.07.19"]
[Round "7.55"]
[White "Palomero Galvez, Antoni"]
[Black "Romeo Ros, Joaquim"]
[Result "0-1"]
[WhiteElo "1750"]
[BlackElo "1858"]
[PlyCount "61"]
[EventDate "2014.07.13"]
[EventType "swiss"]
[EventRounds "9"]
[EventCountry "ESP"]
[Source "lmi"]
[SourceDate "2014.07.13"]

1. Nf3 Nc6 2. c4 e5 3. d3 g6 4. Nc3 Bg7 5. Bg5 Nce7 6. e4 c6 7. Qd2 d6 8. h3
Nf6 9. Bh6 O-O 10. Bxg7 Kxg7 11. g4 Qc7 12. Ne2 d5 13. cxd5 cxd5 14. Rc1 Qd6
15. g5 Nh5 16. Qc3 Nc6 17. exd5 Qxd5 18. Bg2 Re8 19. a3 Bf5 20. Nh4 Qxd3 21.
Qxd3 Bxd3 22. Rc3 Bxe2 23. Kxe2 Nf4+ 24. Kf3 Nd4+ 25. Kg4 h5+ 26. gxh6+ Kxh6
27. Bxb7 f5+ 28. Nxf5+ gxf5+ 29. Kh4 Rab8 30. Rc7 e4 31. Rg1 0-1

[Event "16. Obert Int. Sant Martí 2014 Grupo B"]
[Site "Barcelona ESP"]
[Date "2014.07.19"]
[Round "7.56"]
[White "Vicente Soriano, Josep"]
[Black "Montoro Rueda, Raul"]
[Result "1-0"]
[WhiteElo "1962"]
[BlackElo "1775"]
[PlyCount "67"]
[EventDate "2014.07.13"]
[EventType "swiss"]
[EventRounds "9"]
[EventCountry "ESP"]
[Source "lmi"]
[SourceDate "2014.07.13"]

1. e4 d5 2. exd5 Qxd5 3. Nc3 Qd6 4. d4 Nf6 5. Nf3 e6 6. Bd3 b6 7. Ne4 Nxe4 8.
Bxe4 c6 9. Ne5 Bb7 10. O-O Nd7 11. Qf3 Nxe5 12. dxe5 Qc7 13. Bf4 Rc8 14. Qg3 h6
15. Be3 Qe7 16. c3 Ba6 17. Rfd1 Bc4 18. Rd2 Bd5 19. Bc2 Rc7 20. b3 c5 21. Rad1
Rd7 22. Be4 Qd8 23. c4 Be7 24. cxd5 exd5 25. Rxd5 Rxd5 26. Rxd5 Qc7 27. Qxg7
Rf8 28. Bxh6 c4 29. e6 cxb3 30. exf7+ Rxf7 31. Bg6 Bf6 32. Qxf6 bxa2 33. Bxf7+
Qxf7 34. Rd8# 1-0

[Event "16. Obert Int. Sant Martí 2014 Grupo B"]
[Site "Barcelona ESP"]
[Date "2014.07.19"]
[Round "7.57"]
[White "Brunet Gil, Pol"]
[Black "Guinjoan Fradera, Joan"]
[Result "1/2-1/2"]
[WhiteElo "1880"]
[BlackElo "1770"]
[PlyCount "50"]
[EventDate "2014.07.13"]
[EventType "swiss"]
[EventRounds "9"]
[EventCountry "ESP"]
[Source "lmi"]
[SourceDate "2014.07.13"]

1. e4 e6 2. d4 d5 3. exd5 Qxd5 4. Nc3 Qd8 5. Nf3 Nf6 6. Bc4 Be7 7. Qd3 Nbd7 8.
Bd2 Nb6 9. Bb3 Nbd5 10. Nxd5 Nxd5 11. c3 Nf6 12. Bc2 c5 13. O-O cxd4 14. Qxd4
O-O 15. Qh4 b6 16. Rad1 Qc7 17. Rfe1 Bb7 18. Re3 h6 19. Qh3 Nd5 20. Ree1 Nf6
21. b3 Rad8 22. Nd4 Rd5 23. Qd3 a6 24. Re3 Re5 25. Rg3 Be4 1/2-1/2

[Event "16. Obert Int. Sant Martí 2014 Grupo B"]
[Site "Barcelona ESP"]
[Date "2014.07.19"]
[Round "7.58"]
[White "Navarro Pastor, Raul"]
[Black "Cervera Lopez, Miguel"]
[Result "0-1"]
[WhiteElo "1868"]
[BlackElo "1700"]
[PlyCount "90"]
[EventDate "2014.07.13"]
[EventType "swiss"]
[EventRounds "9"]
[EventCountry "ESP"]
[Source "lmi"]
[SourceDate "2014.07.13"]

1. e4 e5 2. Nf3 d6 3. d4 Bg4 4. Be2 Bxf3 5. Bxf3 exd4 6. Qxd4 Nc6 7. Qd1 Ne5 8.
Nc3 Nf6 9. Be3 Be7 10. Be2 O-O 11. f4 Nc6 12. Qd2 Nd7 13. O-O-O f6 14. g4 a6
15. Bc4+ Kh8 16. h4 Nb6 17. Bb3 Na5 18. Be6 Nac4 19. Qe2 Nxe3 20. Qxe3 Nd7 21.
g5 Nc5 22. Bg4 c6 23. gxf6 Rxf6 24. h5 Rxf4 25. Bf5 Rxf5 26. Kb1 Re5 27. Rdg1
Bg5 28. Qf3 Qf6 29. Qg3 Rf8 30. a3 Nxe4 31. Nxe4 Rxe4 32. Ka2 Qe6+ 33. b3 h6
34. Qd3 Qe5 35. Rb1 b5 36. Rhd1 d5 37. Qh3 Bf6 38. Qf3 Re2 39. Qd3 Qh2 40. Rbc1
Rfe8 41. Qg6 Qe5 42. Rb1 Qc3 43. Rdc1 c5 44. Qf5 d4 45. Qd7 d3 0-1

[Event "16. Obert Int. Sant Martí 2014 Grupo B"]
[Site "Barcelona ESP"]
[Date "2014.07.19"]
[Round "7.59"]
[White "Sanchez Viana, Jordi"]
[Black "Olleta Tanya, Jordi"]
[Result "1-0"]
[WhiteElo "1862"]
[BlackElo "1749"]
[PlyCount "123"]
[EventDate "2014.07.13"]
[EventType "swiss"]
[EventRounds "9"]
[EventCountry "ESP"]
[Source "lmi"]
[SourceDate "2014.07.13"]

1. e4 c5 2. Nf3 d6 3. d4 cxd4 4. Nxd4 Nf6 5. Nc3 a6 6. Be3 e5 7. Nf3 Bg4 8. Be2
Be7 9. O-O Bh5 10. h3 Bg6 11. Bd3 Nh5 12. Nd5 O-O 13. Bb6 Qd7 14. Nc7 Nc6 15.
Nxa8 Rxa8 16. a3 Nf4 17. Kh2 Nxd3 18. Qxd3 f5 19. exf5 Bxf5 20. Qd2 e4 21. Ng5
d5 22. Rfe1 h6 23. Nxe4 Bxe4 24. Rxe4 Bd6+ 25. Kh1 dxe4 26. Qd5+ Kh8 27. Rd1
Re8 28. Qxd6 Qf5 29. Qd7 Qxd7 30. Rxd7 Re7 31. Rxe7 Nxe7 32. Kg1 Kg8 33. Kf1
Nd5 34. Bd4 Kf7 35. g3 g6 36. Ke2 Ke6 37. c4 Ne7 38. g4 h5 39. Ke3 hxg4 40.
hxg4 Nc6 41. Kxe4 Na5 42. c5 Nb3 43. Be3 Na5 44. f4 Nc4 45. Bc1 Na5 46. f5+
gxf5+ 47. gxf5+ Kf6 48. Bd2 Nc6 49. Bc3+ Ke7 50. Kd5 Nd8 51. f6+ Kd7 52. b4 Nf7
53. a4 Nd8 54. b5 axb5 55. axb5 Nf7 56. c6+ bxc6+ 57. bxc6+ Ke8 58. Ba5 Ng5 59.
Ke5 Nf3+ 60. Kd6 Nd4 61. c7 Nb5+ 62. Kc6 1-0

[Event "16. Obert Int. Sant Martí 2014 Grupo B"]
[Site "Barcelona ESP"]
[Date "2014.07.19"]
[Round "7.60"]
[White "Herrera Vargas, Carlo Esteban"]
[Black "Serentill Tost, Eduard"]
[Result "0-1"]
[WhiteElo "1748"]
[BlackElo "1854"]
[PlyCount "58"]
[EventDate "2014.07.13"]
[EventType "swiss"]
[EventRounds "9"]
[EventCountry "ESP"]
[Source "lmi"]
[SourceDate "2014.07.13"]

1. e4 e6 2. d4 d5 3. exd5 exd5 4. Nf3 Bd6 5. c4 Nf6 6. Bg5 Be6 7. c5 Be7 8. h3
O-O 9. Bd3 c6 10. O-O b5 11. a4 bxa4 12. Rxa4 Nbd7 13. Nc3 a5 14. Qc2 h6 15.
Bh4 Nh5 16. Bxe7 Qxe7 17. Bf5 Bxf5 18. Qxf5 g6 19. Qd3 Rfb8 20. Re1 Qf6 21. Nd1
Nf4 22. Qd2 Nxh3+ 23. gxh3 Qxf3 24. Re3 Qh5 25. Rxa5 Rxa5 26. Qxa5 Qxd1+ 27.
Kg2 Qxd4 28. Qa7 Rxb2 29. Qxd7 Qxe3 0-1

[Event "16. Obert Int. Sant Martí 2014 Grupo B"]
[Site "Barcelona ESP"]
[Date "2014.07.19"]
[Round "7.61"]
[White "Valbuena Castro, Gregorio"]
[Black "Garcia Hernandez, Jose Luis"]
[Result "1-0"]
[WhiteElo "1851"]
[BlackElo "1700"]
[PlyCount "43"]
[EventDate "2014.07.13"]
[EventType "swiss"]
[EventRounds "9"]
[EventCountry "ESP"]
[Source "lmi"]
[SourceDate "2014.07.13"]

1. e4 e5 2. d4 exd4 3. Bc4 Nc6 4. Nf3 Bc5 5. Bg5 f6 6. Bh4 Qe7 7. O-O d6 8. c3
a6 9. cxd4 Bb6 10. Nc3 Be6 11. Nd5 Qd7 12. Nxb6 cxb6 13. Bxe6 Qc7 14. Rc1 Qd8
15. Qb3 Nh6 16. Rfd1 Qe7 17. d5 Nd8 18. Qxb6 Nxe6 19. dxe6 O-O 20. Qxd6 Qe8 21.
Qd7 Qb8 22. Rc7 1-0

[Event "16. Obert Int. Sant Martí 2014 Grupo B"]
[Site "Barcelona ESP"]
[Date "2014.07.19"]
[Round "7.62"]
[White "Ballve Monte, Antoni"]
[Black "Mas Sayos, Lluis"]
[Result "0-1"]
[WhiteElo "1750"]
[BlackElo "1823"]
[PlyCount "58"]
[EventDate "2014.07.13"]
[EventType "swiss"]
[EventRounds "9"]
[EventCountry "ESP"]
[Source "lmi"]
[SourceDate "2014.07.13"]

1. e4 c5 2. Nf3 Nc6 3. Bc4 d6 4. a3 Nf6 5. Nc3 g6 6. Ng5 e6 7. d3 Bg7 8. Bf4 a6
9. O-O O-O 10. b4 Nh5 11. Bd2 Bxc3 12. Nxf7 Rxf7 13. Bxc3 d5 14. exd5 exd5 15.
Ba2 cxb4 16. axb4 Be6 17. Qc1 Qd7 18. Re1 Re7 19. d4 Rae8 20. Qb2 Nf6 21. b5
axb5 22. Qxb5 Nd8 23. Qd3 Bf5 24. Qf3 Rxe1+ 25. Bxe1 Ne4 26. Qf4 Nf7 27. f3
Neg5 28. Bb3 b5 29. g4 Nh3+ 0-1

[Event "16. Obert Int. Sant Martí 2014 Grupo B"]
[Site "Barcelona ESP"]
[Date "2014.07.19"]
[Round "7.64"]
[White "Kazmierczak, Ewa"]
[Black "Sarrio Vendrell, Nerea"]
[Result "1-0"]
[WhiteElo "1563"]
[BlackElo "1792"]
[PlyCount "103"]
[EventDate "2014.07.13"]
[EventType "swiss"]
[EventRounds "9"]
[EventCountry "ESP"]
[Source "lmi"]
[SourceDate "2014.07.13"]

1. e4 e5 2. Nf3 Nc6 3. Bb5 a6 4. Ba4 b5 5. Bb3 d6 6. c3 Nf6 7. O-O Nxe4 8. Bd5
Nxc3 9. Bxc6+ Bd7 10. Bxd7+ Qxd7 11. dxc3 Be7 12. Bg5 Bxg5 13. Nxg5 Qf5 14. Qd5
O-O 15. Nf3 Qc2 16. Qd2 Qe4 17. Re1 Qc6 18. Na3 Rfe8 19. Nc2 Rad8 20. Rad1 Qc5
21. Qd5 Qb6 22. Nb4 Rf8 23. Nc6 Rde8 24. h3 h6 25. Nh4 Kh8 26. Nf5 Kh7 27. Nb4
Kh8 28. Nxd6 Qxd6 29. Qxd6 cxd6 30. Rxd6 a5 31. Nc6 a4 32. Rd5 Kg8 33. Rdxe5
Rxe5 34. Rxe5 Kh7 35. Rxb5 Re8 36. Re5 Rf8 37. b4 axb3 38. axb3 Rc8 39. Rc5 Re8
40. b4 Re1+ 41. Kh2 Re2 42. b5 Rxf2 43. c4 Re2 44. b6 Rb2 45. Rb5 Rxb5 46. cxb5
f5 47. b7 Kg6 48. b8=Q Kh5 49. Qe8+ g6 50. Ne7 f4 51. Qxg6+ Kh4 52. Nf5# 1-0

[Event "16. Obert Int. Sant Martí 2014 Grupo B"]
[Site "Barcelona ESP"]
[Date "2014.07.19"]
[Round "7.65"]
[White "Recacha Limeres, Sergi"]
[Black "Doménech López, Laura"]
[Result "1-0"]
[WhiteElo "1839"]
[BlackElo "1721"]
[PlyCount "37"]
[EventDate "2014.07.13"]
[EventType "swiss"]
[EventRounds "9"]
[EventCountry "ESP"]
[Source "lmi"]
[SourceDate "2014.07.13"]

1. e4 e5 2. Nf3 Nf6 3. Nxe5 d6 4. Nxf7 Kxf7 5. Nc3 Be6 6. d4 h6 7. f4 Be7 8. e5
Nd5 9. Bd3 g6 10. Nxd5 h5 11. f5 Bxf5 12. O-O Ke6 13. Rxf5 gxf5 14. Nf4+ Kf7
15. Bc4+ Ke8 16. Ne6 Qd7 17. Qf3 Nc6 18. Qxf5 Nxd4 19. Qg6# 1-0

[Event "16. Obert Int. Sant Martí 2014 Grupo B"]
[Site "Barcelona ESP"]
[Date "2014.07.19"]
[Round "7.66"]
[White "Bernat Mor, Juli"]
[Black "Mir Bellmunt, Jose"]
[Result "0-1"]
[WhiteElo "1700"]
[BlackElo "1758"]
[PlyCount "76"]
[EventDate "2014.07.13"]
[EventType "swiss"]
[EventRounds "9"]
[EventCountry "ESP"]
[Source "lmi"]
[SourceDate "2014.07.13"]

1. e4 d5 2. exd5 Qxd5 3. Nc3 Qa5 4. d4 c6 5. Nf3 Bg4 6. h3 Bh5 7. g4 Bg6 8. Bd3
Bxd3 9. Qxd3 e6 10. Bd2 Qc7 11. O-O-O Nd7 12. Be3 O-O-O 13. Kb1 Ngf6 14. g5 Nd5
15. Nxd5 exd5 16. h4 Bd6 17. h5 h6 18. Rh4 hxg5 19. Nxg5 Rdf8 20. f4 Nf6 21.
Rdh1 Re8 22. a3 Ne4 23. Nxe4 Rxe4 24. Rf1 Rhe8 25. Rf3 Qe7 26. Rhh3 Qf6 27. f5
Rh4 28. Qf1 Ree4 29. Qg2 Rxh3 30. Qxh3 Rh4 31. Qg2 Rxh5 32. Rh3 Rxf5 33. Rh8+
Kc7 34. Bg5 Rxg5 35. Qd2 Qf1+ 36. Ka2 Be7 37. Qa5+ Kd7 38. Qxa7 Qc4+ 0-1

[Event "16. Obert Int. Sant Martí 2014 Grupo B"]
[Site "Barcelona ESP"]
[Date "2014.07.19"]
[Round "7.67"]
[White "Castilla Casanova, Víctor"]
[Black "Orts Gonzalez, Rafael"]
[Result "1-0"]
[WhiteElo "1754"]
[BlackElo "1700"]
[PlyCount "99"]
[EventDate "2014.07.13"]
[EventType "swiss"]
[EventRounds "9"]
[EventCountry "ESP"]
[Source "lmi"]
[SourceDate "2014.07.13"]

1. e4 g6 2. d4 Bg7 3. Nf3 b6 4. Nc3 Bb7 5. Bc4 h6 6. h3 e6 7. e5 Ne7 8. Be3 Nf5
9. Qd3 Bxf3 10. gxf3 Nh4 11. Qe4 c6 12. Rg1 Rf8 13. Bf4 a6 14. Qe3 b5 15. Bd3
b4 16. Na4 Rh8 17. Nc5 Ra7 18. Ne4 Nf5 19. Qd2 a5 20. Be3 Rb7 21. Nc5 Rb6 22.
O-O-O d6 23. exd6 Nxd6 24. c3 bxc3 25. Qxc3 Nb5 26. Bxb5 Rxb5 27. Qe1 Qd5 28.
b3 Nd7 29. Na6 Kd8 30. Nc5 Qxf3 31. a4 Rb8 32. Qxa5+ Ke7 33. Nxd7 Kxd7 34. Rg3
Qf6 35. Bd2 Qxd4 36. Be1 Qxd1+ 37. Kxd1 Kc8 38. Qa6+ Kd7 39. Qa7+ Kd6 40. Qxf7
Bd4 41. Rd3 c5 42. f3 Rhf8 43. Qxg6 Ke5 44. Bg3+ Rf4 45. Bxf4+ Kxf4 46. Qxh6+
Kg3 47. f4+ Kg2 48. Qxe6 Rb4 49. Kc2 c4 50. Qe2+ 1-0

[Event "16. Obert Int. Sant Martí 2014 Grupo B"]
[Site "Barcelona ESP"]
[Date "2014.07.19"]
[Round "7.68"]
[White "Cassi Gimeno, Jordi"]
[Black "Bienvenido Kleque, Jose"]
[Result "1/2-1/2"]
[WhiteElo "1700"]
[BlackElo "1737"]
[PlyCount "42"]
[EventDate "2014.07.13"]
[EventType "swiss"]
[EventRounds "9"]
[EventCountry "ESP"]
[Source "lmi"]
[SourceDate "2014.07.13"]

1. e4 c5 2. Nf3 Nc6 3. d4 cxd4 4. Nxd4 Nf6 5. Nc3 e5 6. Nf3 d6 7. h3 Be6 8. Bb5
Rc8 9. O-O Be7 10. Bg5 O-O 11. Bxc6 Rxc6 12. Nh4 Ne8 13. Bxe7 Qxe7 14. Nf5 Bxf5
15. exf5 Nf6 16. Qf3 Rd8 17. Rad1 a6 18. Rd2 Rd7 19. Rfd1 Qd8 20. Ne4 Nxe4 21.
Qxe4 f6 1/2-1/2